| 000 | 02647nam a2200361 a 4500 | ||
|---|---|---|---|
| 005 | 2009121803273.0 | ||
| 008 | 080508s2008 ctua 000 0 eng | ||
| 010 | _aB-370367-377 | ||
| 020 |
_a9788179874783 _c48.00 |
||
| 035 | _aB-370367-377 | ||
| 037 | _bVishv Vijay | ||
| 040 |
_adpl _bEnglish |
||
| 082 | _aS | ||
| 100 | _aRungeen Singh | ||
| 245 |
_aThe mystery of rolling chip / _cby Rungeen Singh |
||
| 260 |
_aNew Delhi _bVishv Vijay _c(201?) |
||
| 270 |
_aM-12, Connaught Circus _bNew Delhi _e110001 |
||
| 300 |
_a184p. _c22 cm(pbk) |
||
| 520 | _aCollects anecdotes from teenagers about friendship, peer pressure, self-acceptance, family life, relationships, and overcoming obstacles. | ||
| 942 |
_2ddc _cCH _mRUN _hS |
||
| 999 |
_c33172 _d33172 |
||